IEP Lyon - Droit Constitutionnel (3) - Statistiques

Statistiques générales
  • Ce quiz a été pris 50 fois
  • Le résultat moyen est 6 sur 21
Statistiques - réponses
Hint Réponse % Correct
Dans un régime parlementaire dualiste, le gouvernement est responsable non seulement devant le parlement mais également devant le chef de l’Etat. Dans un régime parlementaire ..., le gouvernement ne peut être révoqué par le chef de l’Etat, il ne dépend que du parlement (le chef de l'Etat a peu de pouvoir) moniste
51%
Dans un régime parlementaire (séparation souple des pouvoirs), le pouvoir exécutif tire sa ... du pouvoir législatif légitimité
49%
On attribue la paternité de la théorie de la séparation des pouvoirs à ... mais cela est contesté par un certains nombres de juristes et auteurs comme Raymond Aron et Louis Althusser. En effet, ... n'est pas démocrate mais défend une monarchie encadrée par le droit. Montesqieu
43%
Certains juristes considèrent que la théorie de la séparation des pouvoirs a toujours été une coquille vide. Derrière « séparation des pouvoirs » se cache un projet politique qui consiste à limiter le pouvoir par le ... droit
40%
Et l'exécutif et le législatif possèdent des moyens d'action ... (parlement peut renverser le gouvernement et l'exécutif peut dissoudre le pouvoir législatif) réciproques / mutuels
37%
Aux US, l'exécutif et le législatif n'ont pas de moyens d'action ... (prez peut pas dissoudre le congrès et les chambres ne peuvent pas renverser le gouvernement - procédure d'impeachment est plus vue comme un un système de responsabilité pénale) réciproques
34%
Dans un régime parlementaire, les pouvoirs sont séparés mais peuvent ... avec plusieurs techniques (initiative des lois partagée entre les deux ; le chef de l’Etat peut parfois mettre un veto au vote d’une loi, le Parlement peut autoriser le président à prendre des ordonnances) collaborer
31%
Aux US, les pouvoirs sont spécialisés (système de checks and balances) - exécutif : nomme l'administration, chef des armées, dirige politique extérieure - législatif : possède l'... des lois (sauf budgétaire) initiative
31%
Qu'est-ce que la séparation des pouvoirs ? A la fois un principe de ... (organiser les pouvoirs en contraignant leur influence) et un critère de ... (permet de dresser une typologie des régimes politiques) (écrire un des deux mots) limitation / classification
26%
Quel est le numéro de l'article du droit de grâce que le président peut exercer sur un condamné ? (droit partagé avec le Premier Ministre) 17
23%
Dans un régime présidentiel (séparation rigide des pouvoirs, ex : US), les pouvoirs exécutif et législatif ont des légitimités clairement ... (élections propres à chacun) distinctes
23%
On parle aussi de "régime parlementaire ..." : régime parlementaire où sont mis en place des dispositifs pour affaiblir la place du parlement rationnalisé
23%
Quel est le numéro de l'article de la Constitution qui dispose que le président est garant de l'indépendance de l'autorité judiciaire ? (mais Guy Carcassonne pense que la justice ne peut pas être indépendante par principe : parquet sous l'autorité du Ministère de la Justice mais seuls les magistrats du siège sont vraiment indépendants) 64
20%
Division plus moderne : donner des compétences à une majorité gouvernementales et reconnaître à l'opposition des ... (révision 23 janvier 2008 : article 51-1 donne le droit à une commission d'enquête parlementaire une fois par mois.) droits
20%
- Division ... des pouvoirs : séparer les pouvoirs entre institutions politiques en évitant une trop grande concentration des compétences dans une seule institution horizontale
20%
Importance du système judiciaire aux US : influence de la Cour Suprême et principe d'... des juges (ne peuvent être mutés sans leur consentement) ce qui garantit une certaine indépendance inamovibilité
20%
- Division ... des pouvoirs : répartition des pouvoirs selon des échelons territoriaux (ex dans un Etat fédéral) verticale
20%
3 modalité de cette division : distribution entre le pouvoir politique et le pouvoir ... (juges contrôlent l'action du gouvernement sur les justiciables) juridictionnel
17%
Les pouvoirs sont distribués de manière différente selon les ... et les ... (Maurice Hauriou établit des cycles constitutionnels, basculements et équilibres avec différents changements) (écrire un des deux mots) Etats / époques
14%
Aujourd'hui sous la 5ème République (et majorité des démocraties), on a une ... entre le pouvoir exécutif et une partie du pouvoir législatif. fusion
11%
Cas particulier de la justice en France : malgré que le titre 7 de la cons parle de "l'autorité judiciaire", elle possède un certain pouvoir : - 'initiation' de lois (ex : avis rendu sur l'IVG) - ... de certaines lois (article 62 : une loi contraire à la Constitution ne peut pas être promulguée) - influence sur les campagnes politiques (ex : mise en examen de Fillon) veto
6%
Aucun quiz correspondant
Distribution des résultats
% des personnes avec chaque résultat
Percentile par nombre de réponses
Votre historique - résultats
Vous n’avez pas pris ce quiz